| 000 | 00407nam a2200169Ia 4500 | ||
|---|---|---|---|
| 008 | 230524s9999 xx 000 0 und d | ||
| 020 | _a0074635794 | ||
| 082 |
_a4.5 _bDHA |
||
| 100 | _aD.M.Dhamdhene | ||
| 245 | 0 | _aSystem Programming and Operating System | |
| 250 | _a2ND | ||
| 260 |
_aNEW DELHI _bTMH _c2008 |
||
| 300 | _aXVI;653 | ||
| 500 | _aQuantity Number: 25 | ||
| 650 | _aComp-Sc | ||
| 942 | _cBK | ||
| 999 |
_c24536 _d24536 |
||